| 000 | 00739nam a2200253 i 4500 | ||
|---|---|---|---|
| 001 | 25580 | ||
| 003 | ES-MaACL | ||
| 005 | 20230906153309.0 | ||
| 007 | t| | ||
| 008 | 021227s1982 sp |||| | spa d | ||
| 080 | _a821.134.2(72)-32"19" | ||
| 100 | 1 |
_aAridjis, Homero. _922815 |
|
| 245 | 1 | 0 |
_aPlaya nudista _b; El último Adán / _cHomero Aridjis. |
| 250 | _a1ª ed. | ||
| 260 |
_aBarcelona : _bArgos Vergara, _c1982. |
||
| 300 |
_a229 p. ; _c20 cm. |
||
| 490 | 1 |
_aBibliotheca del fénice ; _v6 |
|
| 505 | 8 |
_aContiene: ; _tNoche de Independencia |
|
| 740 | 3 | _aEl último Adán. | |
| 740 | 0 | _aNoche de Independencia. | |
| 830 | 0 |
_aBibliotheca del fénice ; _v6 _9186585 |
|
| 852 |
_aES-MaACL _jL-3934 |
||
| 999 |
_c25580 _d25580 |
||